01207nam a2200265 a 450000100060000000300080000600500170001400800410003103500190007204000350009104100080012608200260013410000250016024501510018526000710033630000380040750200790044550400330052465000240055770000410058194200130062299900170063595201460065295201430079880394BD-RjUL20220919155359.0220919s1998 bg a|||| m||| 00| 0 eng d a(BD-RjUL)80394 aBD-RjULbengcBD-RjULdBD-RjUL aeng a547.037bKHS 1998223 aKhanum, Tohura9489801aStudies on the Metal Complexes of Peroxo and Macrocyclic Ligands With Acids, Amines and Phenols /cTohura Khanum ;6Supervision : Md. Saidul Islam aRajshahi :bDepartment of Chemistry, University of Rajshahi,c1998 avii, 101 Leaves :bill, ;c29 cm. aThesis (M. Phil.) -- Department of Chemistry, University of Rajshahi, 1998 aReferences : Leaves [75]-101 aAcidsvAmines94899 aIslam, Md. Saidul, Supervision94900 2ddccTHE c80394d80394 102ddc40718THESESaRUCLbRUCLcDoc/Thed1999-12-12eController of Exam. R.Ul0oTHE 547.037 KHS 1998pD1953r2022-09-19 00:00:00tC-1yTHE 102ddc40708THESESaRUCLbRUCLcDoc/Thed1999-12-12eController of Exam. R.UoTHE 547.037 KHS 1998pD1914r2023-03-20 00:00:00tC-2yTHE